000 01260nac a22002891u 4500
010 _a 98028891
020 _a0471557749 (cloth : alk. paper)
082 0 0 _a629.13452
_bBAR
090 _c9585
_d9585
100 _aBarlow, Jewel B.
245 1 0 _aLow-speed wind tunnel testing /
_cJewel B. Barlow, William H. Rae, Jr., Alan Pope.
250 _a3rd ed.
260 _aNew York :
_bWiley,1999
_cc1999.
300 _axii, 713 p. :
_bill. ;
_c25 cm.
500 _aRev. ed. of: Low-speed wind tunnel testing / William H. Rae, Jr., Alan Pope. 2nd ed. c1984.
504 _aIncludes bibliographical references and index.
511 _acatalogued by: wessam
650 0 _aWind tunnels.
700 1 _aRae, William H.
700 1 _aPope, Alan,
_d1913-
700 1 _aPope, Alan,
_d1913-
856 4 2 _3Contributor biographical information
_uhttp://www.loc.gov/catdir/bios/wiley041/98028891.html
856 4 2 _3Publisher description
_uhttp://www.loc.gov/catdir/description/wiley031/98028891.html
856 4 2 _3Table of Contents
_uhttp://www.loc.gov/catdir/toc/onix02/98028891.html
942 _cBB
_k629.13452BAR
999 _c9585
_d9585